CAUDILLOS Y CAMPESINOS EN LA REVOLUCION MEXICANA/

TRADUCCION DE: CAUDILLO AND PEASANT IN THE MEXICAN REVOLUTION

Furkejuvvon:
Bibliográfalaš dieđut
Eará dahkkit: Brading, David A. (compilación) (compilación)
Materiálatiipa: Girji
Fáttát:
Fáddágilkorat: Lasit fáddágilkoriid
Eai fáddágilkorat, Lasit vuosttaš fáddágilkora!

MARC

LEADER 00000nam^a2200000^a^4500
001 000224393
005 20250521000000.0
009 20260310104048.322
020 |a 968-16-1925-0 
035 |a 043490 
037 |a Acervo Xavier Clavigero 
082 |a 972. 0816  |b CAU 
245 1 0 |a CAUDILLOS Y CAMPESINOS EN LA REVOLUCION MEXICANA/  |c COMP. D.A. BRADING; TR. CARLOS VALDES 
264 |a MEXICO :  |b FONDO DE CULTURA ECONOMICA,  |c 1985 
300 |a 336p. 
336 |a texto  |b txt  |2 rdacontenido 
337 |a sin mediación  |b n  |2 rdamedio 
338 |a volumen  |b nc  |2 rdasoporte 
520 |a TRADUCCION DE: CAUDILLO AND PEASANT IN THE MEXICAN REVOLUTION 
649 |a XX 
650 |a México -  |x Historia -  |y Revolución, 1910-1917 
650 |a Campesinos 
700 |a Brading, David A.  |e (compilación) 
910 |a Fondo General 
920 |a Impresos - Libros 
930 |a Colección General 
905 |a 101 
901 |a 043490  |b IT1  |c ACC  |i 043490  |u 20250521 
902 |a https://opac.biblio.iteso.mx/vufind/Record/000224393